North Carolina Major & Minor Teams - Statistics

General Stats
  • This quiz has been taken 63 times
  • The average score is 18 of 34
Answer Stats
NCAA % Correct
Carolina Hurricanes
100%
Carolina Panthers
100%
Charlotte Hornets
97%
High Point Panthers
97%
North Carolina Tar Heels
89%
Duke Blue Devils
87%
NC State Wolfpack
82%
Wake Forest Demon Deacons
71%
Charlotte FC
66%
East Carolina Pirates
66%
UNC Wilmington Seahawks
63%
Durham Bulls
61%
Charlotte 49ers
58%
Appalachian State Mountaineers
55%
UNC Asheville Bulldogs
50%
Carolina Mudcats
47%
Charlotte Knights
47%
North Carolina Central Eagles
47%
UNC Greensboro Spartans
45%
Western Carolina Catamounts
45%
Charlotte Checkers
42%
Davidson Wildcats
42%
Greensboro Swarm
42%
Asheville Tourists
37%
North Carolina A&T Aggies
37%
Campbell Fighting Camels
34%
Elon Phoenix
34%
Greensboro Grasshoppers
34%
Winston-Salem Dash
34%
Hickory Crawdads
32%
Down East Wood Ducks
29%
Kannapolis Cannon Ballers
26%
Fayetteville Woodpeckers
24%
Gardner-Webb Runnin' Bulldogs
16%
No matching quizzes found
Score Distribution
Percent of People with Each Score
Percentile by Number Answered
Your Score History
You have not taken this quiz